00954nam a2200265 a 450000100100000000500170001000800410002702000150006804000250008308200240010810000380013224500620017025000110023226000550024330000260029849000270032450000620035165000280041365000260044165000310046783000360049804900090053495201280054399900170067100002490420200930023435.0110207s1989 sp r 000 f spa d a8472237648 aDO-SdBNPbspacBNPHU a863.64bM538u, 19891 aMendicutti, Eduardod1948-92309510aUna mala noche la tiene cualquiera /cEduardo Mendicutti. a3a ed. aBarcelona, (España) :bTusquets Editores,c1989. a163, [1] p. ;c21 cm.1 aLa flauta mágicav14 aIncluye datos del autor en la solapa de la contracubierta 4aNovela española91123 4aNovela amorosa913334 4aLiteratura española9632 0aLa flauta mágica ;v14923054 aBNGR 001054708MOaGRbGRcCTd2011-02-07iLF1l0o863.64 M538u, 1989p24904-10r2020-06-25w2020-06-25y4ZPréstamo en sala c24397d24397